Spacehounds of IPC, (Record no. 350815)

000 -LEADER
fixed length control field 01005cam a22002891 4500
001 - CONTROL NUMBER
control field 8348354
003 - CONTROL NUMBER IDENTIFIER
control field OSt
005 - DATE AND TIME OF LATEST TRANSACTION
control field 20180116183026.0
008 - FIXED-LENGTH DATA ELEMENTS--GENERAL INFORMATION
fixed length control field 750324s1947 xx 000 0 eng
010 ## - LIBRARY OF CONGRESS CONTROL NUMBER
LC control number 47017967
020 ## - INTERNATIONAL STANDARD BOOK NUMBER
International Standard Book Number 0
035 ## - SYSTEM CONTROL NUMBER
System control number (OCoLC)1234601
040 ## - CATALOGING SOURCE
Original cataloging agency DLC
Transcribing agency NAlU
Modifying agency DLC
050 00 - LIBRARY OF CONGRESS CALL NUMBER
Classification number PZ3.S64558
Item number Sp
Classification number PS3537.M349
082 ## - DEWEY DECIMAL CLASSIFICATION NUMBER
Classification number 813.54 SMI 1931
100 1# - MAIN ENTRY--PERSONAL NAME
Personal name Smith, E. E.
Fuller form of name (Edward Elmer),
Dates associated with a name 1890-1965.
245 10 - TITLE STATEMENT
Title Spacehounds of IPC,
Remainder of title a tale of the Inter-planetary corporation,
Statement of responsibility, etc. by Edward E. Smith, PH.D., illustrated by A.J. Donnell.
260 ## - PUBLICATION, DISTRIBUTION, ETC.
Place of publication, distribution, etc. Reading, Pa.,
Name of publisher, distributor, etc. Fantasy press,
Date of publication, distribution, etc. 1947.
300 ## - PHYSICAL DESCRIPTION
Extent 223 p.
Other physical details front., illus., plates.
Dimensions 20 cm.
440 ## - SERIES STATEMENT/ADDED ENTRY--TITLE
Title Spacehounds of IPC,
500 ## - GENERAL NOTE
General note "First edition."
500 ## - GENERAL NOTE
General note A revision and enlargement of a work originally published as a serial in Amazing stories.
655 #7 - INDEX TERM--GENRE/FORM
Genre/form data or focus term Science fiction.
Source of term gsafd
740 0# - ADDED ENTRY--UNCONTROLLED RELATED/ANALYTICAL TITLE
Uncontrolled related/analytical title Inter-planetary corporation.
906 ## - LOCAL DATA ELEMENT F, LDF (RLIN)
a 7
b cbc
c oclcrpl
d u
e ncip
f 19
g y-gencatlg
942 ## - ADDED ENTRY ELEMENTS (KOHA)
Source of classification or shelving scheme
Koha item type Book
Holdings
Withdrawn status Lost status Source of classification or shelving scheme Damaged status Not for loan Collection code Permanent Location Current Location Shelving location Date acquired Total Checkouts Full call number Barcode Date last seen Price effective from Koha item type
            Central Library (CL) Central Library (CL) Fiction 12/14/2015   813.54 SMI 1931 NBSD-2318 08/29/2023 12/14/2015 Book
© 2023 Central Library, National University of Sciences and Technology. All Rights Reserved.